|
|
|
|
| LEADER |
00000naa a2200000 i 4500 |
| 001 |
publ191 |
| 005 |
20170403200601.0 |
| 008 |
170403s2007 hu o 000 zxx d |
| 040 |
|
|
|a BGE Publikációtár Repozitórium
|b hun
|
| 100 |
1 |
|
|a Lovasné Avató Judit
|
| 245 |
1 |
0 |
|a Főbb demográfiai folyamatok 1990 és 2005 között
|c Lovasné Avató Judit
|h [elektronikus dokumentum]
|
| 260 |
|
|
|a Budapesti Gazdasági Főiskola
|b Budapest
|c 2007
|
| 300 |
|
|
|a 81-89
|
| 490 |
0 |
|
|a Tudományos Évkönyv 2006: Stratégiák 2007 és 2013 között
|
| 650 |
|
4 |
|a szociológiai tudományok
|
| 695 |
|
|
|a Népesség
|
| 695 |
|
|
|a Társadalmi változás
|
| 856 |
4 |
0 |
|u https://publikaciotar.uni-bge.hu/id/eprint/191/1/lovasne_fobb%20demografiai%20folyamatok.pdf
|z Dokumentum-elérés
|